000 00595nam a2200145Ia 4500
008 140724s9999 xx 000 0 und d
050 _aHF 5415.2
_b.M684 2012
100 _aMitra, Anna Angelica M.
245 2 _aA marketing research and analysis :
_bdefining the competetiveness of Erjohn & Almark Transit Corp.'s new route from Mendez, Cavite to Mandaluyong City via EDSA /
_cAnna Angelica M. Mitra.
260 _aLas PiƱas, Philippines :
_bSouthville International School and Colleges,
_cc2012.
300 _a68 p. :
_bill. ;
_c28 cm.
521 _aMarketing
942 _cTH
999 _c228773
_d228773